[Event "Chigorin Memorial"]
[Site "St Petersburg RUS"]
[Date "2012.10.28"]
[Round "2.14"]
[White "Lysyj, Igor"]
[Black "Belyakov, Bogdan"]
[Result "1/2-1/2"]
[WhiteTitle "GM"]
[BlackTitle "FM"]
[WhiteElo "2628"]
[BlackElo "2388"]
[WhiteFideId "4150120"]
[BlackFideId "24104795"]
[EventDate "2012.10.27"]

1. d4 Nf6 2. c4 d6 3. Nf3 g6 4. Nc3 Bg7 5. Bg5 Bg4 6. e3 c6 7. h3 Bxf3 8. Qxf3
Qa5 9. Bh4 Qb6 10. Rb1 Nbd7 11. Qd1 e5 12. dxe5 dxe5 13. Be2 O-O 14. O-O a5 15.
Qc2 Nc5 16. g4 a4 17. Rfd1 Qb4 18. a3 Qb3 19. Rbc1 Rfe8 20. Qb1 Nfd7 21. Rd2 e4
22. Bd1 Qb6 23. Bg3 Qa5 24. Be2 Ne5 25. Rcd1 Ned3 26. Nxe4 Nxe4 27. Rxd3 Nxg3
28. fxg3 Qb6 29. b4 axb3 30. Qxb3 Qc5 31. Kg2 Bh6 32. Qb4 Bxe3 33. Qxc5 Bxc5 34.
Bf3 Rxa3 35. Rxa3 Bxa3 36. g5 Re7 37. Bg4 b5 38. cxb5 cxb5 39. Rd7 Re5 40. h4
Be7 41. Rb7 b4 42. Bd1 Re3 43. Bf3 Re5 44. Bd1 Bc5 45. Bb3 Re2+ 46. Kh3 Be7 47.
Kg4 Re3 48. Bd5 Kf8 49. Kh3 Kg7 50. Kg2 f6 51. Kf2 Re5 52. Bc4 h6 53. gxf6+ Kxf6
54. Rb6+ Kg7 55. Kf3 Re3+ 56. Kxe3 Bc5+ 57. Ke4 Bxb6 58. g4 h5 59. gxh5 gxh5 60.
Kf3 Kf6 1/2-1/2

[Event "Chigorin Memorial"]
[Site "St Petersburg RUS"]
[Date "2012.10.28"]
[Round "2.16"]
[White "Lenderman, Aleksandr"]
[Black "Khusenkhojaev, Muhammad"]
[Result "1/2-1/2"]
[WhiteTitle "GM"]
[WhiteElo "2614"]
[BlackElo "2377"]
[WhiteFideId "2021285"]
[BlackFideId "14700247"]
[EventDate "2012.10.27"]

1. d4 Nf6 2. c4 e6 3. Nc3 Bb4 4. e3 b6 5. Ne2 Ne4 6. Qc2 Bb7 7. a3 Bxc3+ 8. Nxc3
Nxc3 9. Qxc3 Qh4 10. b4 O-O 11. Bb2 d6 12. d5 Qh6 13. Rd1 Nd7 14. Be2 e5 15. O-O
f5 16. f4 Rae8 17. Bd3 Bc8 18. Qc2 Nf6 19. h3 Ne4 20. Rf3 g5 21. fxg5 Nxg5 22.
Rg3 Re7 23. Qc3 Rg7 24. Qe1 f4 25. exf4 exf4 26. Bxg7 Qxg7 27. Rxg5 Qxg5 28. Qe4
Bf5 29. Qf3 Re8 30. Bxf5 Qxf5 31. Rd4 Re3 32. Qxf4 Qxf4 33. Rxf4 Rxa3 34. b5 a5
35. bxa6 Rxa6 36. Kf2 Ra5 37. Ke3 b5 38. cxb5 Rxb5 39. Rc4 Rxd5 40. Rxc7 Rg5 41.
g4 Rc5 42. Rd7 Rc3+ 43. Kf4 Rxh3 1/2-1/2

[Event "Chigorin Memorial"]
[Site "St Petersburg RUS"]
[Date "2012.10.28"]
[Round "2.17"]
[White "Karasev, Vladimir I"]
[Black "Popov, Ivan RUS"]
[Result "1/2-1/2"]
[WhiteTitle "IM"]
[BlackTitle "GM"]
[WhiteElo "2373"]
[BlackElo "2614"]
[WhiteFideId "4103971"]
[BlackFideId "4170350"]
[EventDate "2012.10.27"]

1. d4 Nf6 2. c4 c5 3. Nf3 cxd4 4. Nxd4 Nc6 5. Nc3 e6 6. Nc2 d5 7. e3 Bc5 8. cxd5
exd5 9. Be2 O-O 10. O-O Bf5 11. Nd4 Bxd4 12. exd4 Qb6 13. Bd3 Bxd3 14. Qxd3 Qxd4
15. Qxd4 Nxd4 16. Rd1 Nc2 17. Rb1 d4 18. Nb5 Rfd8 19. Bg5 a6 20. Rbc1 Rac8 21.
Nxd4 Nxd4 22. Rxc8 Rxc8 23. Rxd4 h6 24. Be3 Rc2 25. Rb4 b5 26. Rb3 Nd5 27. g3 g5
28. Rd3 Nxe3 29. Rxe3 a5 30. Rb3 Rc5 31. h3 Kf8 32. Re3 Rc2 33. Rb3 Rc5 34. Re3
Kg7 35. a3 Kf6 36. Kg2 h5 37. Kf3 Re5 38. Rc3 Ke6 39. b4 a4 40. g4 h4 41. Rc6+
Kd5 42. Rc5+ Kd4 43. Rxe5 Kxe5 44. Ke3 f6 45. f3 f5 46. gxf5 Kxf5 47. Ke2 Ke6
48. Kd2 Kf6 49. Kd3 Kf5 50. Ke2 1/2-1/2

[Event "Chigorin Memorial"]
[Site "St Petersburg RUS"]
[Date "2012.10.28"]
[Round "2.18"]
[White "Hovhannisyan, Robert"]
[Black "Zenzera, Alexey"]
[Result "1-0"]
[WhiteTitle "GM"]
[WhiteElo "2610"]
[BlackElo "2361"]
[WhiteFideId "13302507"]
[BlackFideId "4102665"]
[EventDate "2012.10.27"]

1. e4 c6 2. d4 d5 3. e5 Bf5 4. Be2 e6 5. Nf3 Nd7 6. O-O Bg6 7. Nbd2 Nh6 8. Nb3
Nf5 9. Bd2 Rc8 10. Rc1 h5 11. Ne1 c5 12. dxc5 Nxe5 13. Bb5+ Nc6 14. Nd3 h4 15.
Nf4 Bh7 16. Na5 Qc7 17. c4 d4 18. b4 Be7 19. Nd5 Qd7 20. Nxe7 Nfxe7 21. Bf4 O-O
22. Bd6 Rfd8 23. Bxc6 Nxc6 24. Nxc6 Qxc6 25. Qxd4 h3 26. gxh3 e5 27. Qd5 Qd7 28.
Rc3 Kh8 29. Rg3 Bf5 30. Bxe5 Qxd5 31. Bxg7+ Kh7 32. cxd5 Rxd5 33. Re1 Rg8 34.
Bc3 Rxg3+ 35. hxg3 Bxh3 36. Re7 Rd7 37. Re8 Be6 38. a4 Rd1+ 39. Kh2 Rd3 40. Be5
Rf3 41. Kg2 Rb3 42. b5 Rb4 43. Rh8+ Kg6 44. Rh4 Bd5+ 45. f3 Rb3 46. Rf4 f5 47.
Kf2 Kg5 48. Bd6 Rb2+ 49. Ke3 Ra2 50. Kd4 Be6 51. Be7+ Kg6 52. Ke5 Kf7 53. Bg5
Bb3 54. Rxf5+ Kg6 55. Bd8 Bxa4 56. c6 bxc6 57. Rf6+ Kg7 58. bxc6 Re2+ 59. Kf4
Rc2 60. c7 Rxc7 61. Ra6 Rc4+ 62. Ke5 Bd1 63. Rxa7+ Kg6 64. Ra6+ Kf7 65. f4 Rc5+
66. Kd4 Rb5 67. Bh4 Bg4 68. Ra3 Be6 69. Bg5 Rd5+ 70. Ke4 Rb5 71. Ra7+ Kg6 72.
Ra6 Kf7 73. Bh4 Bf5+ 74. Kf3 Be6 75. Ra7+ Kg6 76. Ke3 Rb3+ 77. Kd4 Rb5 78. Ra1
Kf7 79. Ra3 Rd5+ 80. Ke4 Rb5 81. Rc3 Ra5 82. Bd8 Rb5 83. Bc7 Rb4+ 84. Kf3 Bd5+
85. Kg4 Kg6 86. Re3 Re4 87. Rd3 Be6+ 88. Kf3 Rc4 89. Be5 Kh5 90. Rd8 Rc8 91. Rd2
Bg4+ 92. Ke4 Rc4+ 93. Bd4 Kg6 94. Ra2 Rc6 95. Ra7 Re6+ 96. Kd5 Bh3 97. Rg7+ Kh6
98. g4 Rg6 99. g5+ Kh5 100. Rh7+ Kg4 101. Bf6 Rg8 102. Ke6 Bf1 103. Be5 Bc4+
104. Kf6 Bd3 105. Rh6 Rf8+ 106. Kg7 Ra8 107. g6 Ra7+ 108. Kf8 Ra8+ 109. Ke7 Ra7+
110. Kd8 Ra8+ 111. Kc7 Rg8 112. g7 Bc4 113. Rh8 Kf5 114. Kd6 Kg6 115. Ke7 Rxg7+
116. Bxg7 Kxg7 117. Rh5 Be2 118. Rc5 1-0

[Event "Chigorin Memorial"]
[Site "St Petersburg RUS"]
[Date "2012.10.28"]
[Round "2.20"]
[White "Shimanov, Aleksandr"]
[Black "Dimukhametov, Artur"]
[Result "1-0"]
[WhiteTitle "GM"]
[BlackTitle "FM"]
[WhiteElo "2599"]
[BlackElo "2347"]
[WhiteFideId "4198603"]
[BlackFideId "4195680"]
[EventDate "2012.10.27"]

1. d4 d5 2. c4 c6 3. e3 Nf6 4. Nf3 Bf5 5. Nc3 e6 6. Nh4 Be4 7. f3 Bg6 8. Qb3 Qb6
9. Nxg6 hxg6 10. Bd2 Qxb3 11. axb3 Bb4 12. Bd3 Nbd7 13. O-O-O O-O-O 14. Kc2 Kb8
15. Ra1 e5 16. c5 Rde8 17. Be1 b6 18. cxb6 axb6 19. Bg3 Nh5 20. Bxe5+ Nxe5 21.
dxe5 Rxe5 22. Ra6 Bxc3 23. Kxc3 Ng3 24. Rha1 Rxh2 25. Kd4 Re7 26. Rxb6+ Rb7 27.
Rxc6 Nf5+ 28. Bxf5 gxf5 29. Rc2 Rxb3 30. Ra3 Rb4+ 31. Kxd5 f4 32. exf4 Rh5+ 33.
Kc6 Rh6+ 34. Kc5 Rhb6 35. g3 R6b5+ 36. Kd6 Rb6+ 37. Ke7 Rb7+ 38. Kf8 f6 39. Re3
g5 40. fxg5 fxg5 41. Re8+ Ka7 42. Re7 g4 43. fxg4 Rxg4 44. Rxb7+ Kxb7 45. Rc3 1-0

[Event "Chigorin Memorial"]
[Site "St Petersburg RUS"]
[Date "2012.10.28"]
[Round "2.23"]
[White "Belousov, Danila"]
[Black "Gabrielian, Artur"]
[Result "1/2-1/2"]
[WhiteTitle "FM"]
[BlackTitle "GM"]
[WhiteElo "2340"]
[BlackElo "2592"]
[WhiteFideId "4167350"]
[BlackFideId "4131002"]
[EventDate "2012.10.27"]

1. e4 c6 2. d4 d5 3. Nc3 dxe4 4. Nxe4 Bf5 5. Ng3 Bg6 6. h4 h6 7. Nf3 Nd7 8. h5
Bh7 9. Bd3 Bxd3 10. Qxd3 Ngf6 11. Bf4 e6 12. O-O-O Nd5 13. Bd2 Nb4 14. Bxb4 Bxb4
15. Ne4 Qc7 16. Kb1 O-O-O 17. a3 Be7 18. Rhe1 Nc5 19. Nxc5 Bxc5 20. Qe4 Bd6 21.
Ne5 c5 22. f4 Kb8 23. dxc5 Bxc5 24. g4 Bd6 25. c4 Rhf8 26. b4 f5 27. gxf5 exf5
28. Qe3 Rfe8 29. Rd5 a6 30. Red1 Bxe5 31. Rxd8+ Rxd8 32. Rxd8+ Qxd8 33. Qxe5+
Ka8 34. Kc2 Qg8 35. Kc3 Qf7 36. Qd6 Qe8 37. Kd2 Qxh5 38. Qd8+ Ka7 39. Qd4+ Ka8
40. Qd8+ Ka7 41. Qd4+ 1/2-1/2

[Event "Chigorin Memorial"]
[Site "St Petersburg RUS"]
[Date "2012.10.28"]
[Round "2.24"]
[White "Durarbayli, Vasif"]
[Black "Tologontegin, Semetey"]
[Result "1-0"]
[WhiteTitle "GM"]
[BlackTitle "FM"]
[WhiteElo "2584"]
[BlackElo "2338"]
[WhiteFideId "13402935"]
[BlackFideId "13800574"]
[EventDate "2012.10.27"]

1. e4 e6 2. d4 b6 3. Nf3 Bb7 4. Bd3 Nf6 5. e5 Ne4 6. O-O f5 7. exf6 Nxf6 8. Ng5
Bd6 9. c4 O-O 10. Nc3 h6 11. Nh3 Nc6 12. Be3 a6 13. a3 Ne7 14. Bf4 Bxf4 15. Nxf4
Qe8 16. Qc2 c5 17. d5 Qb8 18. g3 exd5 19. cxd5 g5 20. Rfe1 Qd6 21. Bc4 Rf7 22.
Ng6 Kg7 23. Ne5 Rff8 24. Rad1 b5 25. Ba2 Rae8 26. Bb1 Rg8 27. a4 b4 28. Nc4 Qb8
29. Rxe7+ Rxe7 30. Qg6+ Kf8 31. Qxf6+ Rf7 32. Qxh6+ Ke7 33. Ne4 Kd8 34. Nxc5 Qa7
35. Nxb7+ Kc7 36. Qd6+ Kxb7 37. Qxb4+ Kc7 38. d6+ Kc8 39. Nb6+ Kb8 40. Nxd7+ Kc8
41. Qc4+ Kxd7 42. Qxf7+ 1-0

[Event "Chigorin Memorial"]
[Site "St Petersburg RUS"]
[Date "2012.10.28"]
[Round "2.25"]
[White "Tsydypov, Zhamsaran"]
[Black "Zhigalko, Andrey"]
[Result "0-1"]
[WhiteTitle "FM"]
[BlackTitle "GM"]
[WhiteElo "2338"]
[BlackElo "2582"]
[WhiteFideId "4108566"]
[BlackFideId "13502247"]
[EventDate "2012.10.27"]

1. e4 c5 2. Nf3 d6 3. d4 cxd4 4. Nxd4 Nf6 5. Nc3 a6 6. Be2 e5 7. Nb3 Be7 8. Bf3
Be6 9. g4 Nfd7 10. h4 Nc6 11. g5 a5 12. a4 Nb4 13. Nb5 O-O 14. Bd2 Rc8 15. O-O
Nxc2 16. Nxa5 Nxa1 17. Qxa1 Nc5 18. b4 Nb3 19. Nxb3 Bxb3 20. Nc3 Qd7 21. Kg2 f6
22. Rh1 Be6 23. Qb1 fxg5 0-1

[Event "Chigorin Memorial"]
[Site "St Petersburg RUS"]
[Date "2012.10.28"]
[Round "2.26"]
[White "Pasiev, Rakhim"]
[Black "Burmakin, Vladimir"]
[Result "1-0"]
[WhiteTitle "FM"]
[BlackTitle "GM"]
[WhiteElo "2334"]
[BlackElo "2579"]
[WhiteFideId "24122475"]
[BlackFideId "4105109"]
[EventDate "2012.10.27"]

1. e4 c6 2. d4 d5 3. e5 Bf5 4. Nf3 e6 5. Be2 Nd7 6. O-O h6 7. Nbd2 Ne7 8. Nb3
Bh7 9. a4 Ng6 10. a5 Be7 11. c4 dxc4 12. Bxc4 a6 13. Be3 O-O 14. Qe2 Qc7 15.
Rac1 Rfd8 16. Bd3 Rac8 17. Nfd2 Nh4 18. Bxh7+ Kxh7 19. Qh5 Ng6 20. Ne4 c5 21.
Bg5 Bxg5 22. Nxg5+ Kg8 23. Nxe6 fxe6 24. Qxg6 Nf8 25. Qg4 Qd7 26. dxc5 Qd5 27.
Qg3 Ng6 28. Qxg6 Qxb3 29. Rc3 Qd5 30. b4 Kh8 31. Re3 Rd7 32. Qe4 Rcd8 33. g3
Qxe4 34. Rxe4 Rd2 35. Rfe1 Rb2 36. R1e2 Rxe2 37. Rxe2 Rd4 38. Rb2 Rc4 39. f4 g5
40. fxg5 hxg5 41. Kf2 Kg7 42. Ke3 Kf7 43. Kd3 Rc1 44. Rc2 Rb1 45. Rc4 Rb2 46.
Kc3 Rxh2 47. c6 bxc6 48. Rxc6 Rg2 49. Rxa6 Rxg3+ 50. Kc4 g4 51. Rd6 Rg1 52. a6
g3 53. Kb5 Ra1 54. Rd2 Kg6 55. Kb6 Kf5 56. a7 1-0

[Event "Chigorin Memorial"]
[Site "St Petersburg RUS"]
[Date "2012.10.28"]
[Round "2.28"]
[White "Duzhakov, Ilya"]
[Black "Popov, Valerij"]
[Result "0-1"]
[WhiteTitle "FM"]
[BlackTitle "GM"]
[WhiteElo "2330"]
[BlackElo "2577"]
[WhiteFideId "4192516"]
[BlackFideId "4119410"]
[EventDate "2012.10.27"]

1. d4 Nf6 2. c4 e6 3. Nc3 Bb4 4. Bg5 h6 5. Bh4 c5 6. d5 d6 7. e3 Bxc3+ 8. bxc3
Qe7 9. Be2 Nbd7 10. Nf3 g5 11. Bg3 Ne4 12. dxe6 Qxe6 13. Qd3 b6 14. Nd2 Nxg3 15.
hxg3 Bb7 16. O-O-O Bxg2 17. Rh2 Bb7 18. Nf1 Ke7 19. f4 h5 20. fxg5 Ne5 21. Qc2
Qg6 22. e4 Qxg5+ 23. Kb2 h4 24. Rh3 Rad8 25. Kb3 hxg3 26. Rxg3 Qf4 27. Re3 Rhg8
28. Qd2 Rg2 29. Rg3 Qxd2 30. Rxd2 Bxe4 31. Re3 Bg6 32. Rh3 Bf5 33. Rh4 Be6 34.
Ne3 Rf2 35. Rh1 Rg8 36. Rf1 Rh2 37. Rfd1 b5 38. a4 b4 0-1

[Event "Chigorin Memorial"]
[Site "St Petersburg RUS"]
[Date "2012.10.28"]
[Round "2.29"]
[White "Epishin, Vladimir"]
[Black "Timofeeva, Ekaterina"]
[Result "1-0"]
[WhiteTitle "GM"]
[BlackTitle "WIM"]
[WhiteElo "2574"]
[BlackElo "2331"]
[WhiteFideId "4162714"]
[BlackFideId "4193172"]
[EventDate "2012.10.27"]

1. d4 Nf6 2. Nf3 g6 3. c3 Bg7 4. Bg5 O-O 5. Nbd2 d6 6. e4 Nbd7 7. Be2 h6 8. Bh4
e5 9. dxe5 dxe5 10. O-O Qe8 11. Re1 Nh5 12. Nc4 Nf4 13. Bf1 Nb6 14. Ne3 Be6 15.
c4 f5 16. Qc2 c6 17. c5 Nd7 18. Rad1 fxe4 19. Nd2 Nd3 20. Nxe4 Nxe1 21. Rxe1 g5
22. Bg3 Qe7 23. b4 a5 24. b5 cxb5 25. Bxb5 Rfc8 26. Bxd7 Qxd7 27. Rd1 Qe7 28.
Qb2 Rd8 29. Rd6 Rac8 30. h3 Bd7 31. Nd5 Qf7 32. Ndf6+ Kh8 33. Qd2 Qe7 34. Nxd7
Rc6 35. Rd5 Qe6 36. Nb6 Rxd5 37. Nxd5 Qd7 38. a4 Rc8 39. Qa2 Rd8 40. Ndc3 Qc6
41. Qf7 b6 42. cxb6 Qxb6 43. Qe7 Qd4 44. Qc7 Ra8 45. Kh2 Rf8 46. f3 h5 47. Bf2
Qb4 48. Bc5 Qc4 49. Qxa5 Rc8 50. Qb5 1-0

[Event "Chigorin Memorial"]
[Site "St Petersburg RUS"]
[Date "2012.10.28"]
[Round "2.30"]
[White "Vuilleumier, Alexandre"]
[Black "Grigoryan, Avetik"]
[Result "0-1"]
[WhiteTitle "IM"]
[BlackTitle "GM"]
[WhiteElo "2326"]
[BlackElo "2572"]
[WhiteFideId "1305662"]
[BlackFideId "13302191"]
[EventDate "2012.10.27"]

1. e4 e5 2. Nf3 Nc6 3. d4 exd4 4. Nxd4 Bc5 5. Be3 Qf6 6. c3 Nge7 7. Bc4 b6 8.
O-O O-O 9. Nc2 Ne5 10. Be2 N5g6 11. Bd4 Qg5 12. g3 Nf4 13. Bf3 Ba6 14. h4 Qg6
15. Bxc5 bxc5 16. Qxd7 Bxf1 17. Kxf1 Qa6+ 18. Kg1 Nfg6 19. Nba3 Ne5 20. Qd1 Rad8
21. Qe2 Qh6 22. Nc4 Nxc4 23. Qxc4 Rd2 24. Qxc5 Rxc2 25. Qxe7 Qb6 26. Rf1 Rxb2
27. a3 Rc2 28. Qb4 Qxb4 29. cxb4 Rd8 30. e5 g6 31. Kg2 Rdd2 32. h5 Kg7 33. hxg6
hxg6 34. Bg4 Ra2 35. e6 f5 36. Bd1 Kf6 37. Bb3 Rxa3 38. Re1 Ke7 39. Bc4 Rc3 0-1

[Event "Chigorin Memorial"]
[Site "St Petersburg RUS"]
[Date "2012.10.28"]
[Round "2.31"]
[White "Shomoev, Anton"]
[Black "Biriukov, Oleg V."]
[Result "1-0"]
[WhiteTitle "GM"]
[BlackTitle "IM"]
[WhiteElo "2571"]
[BlackElo "2327"]
[WhiteFideId "4135148"]
[BlackFideId "4123174"]
[EventDate "2012.10.27"]

1. c4 c5 2. Nf3 g6 3. d4 cxd4 4. Nxd4 Nc6 5. e4 Nf6 6. Nc3 d6 7. Nc2 Bg7 8. Be2
O-O 9. O-O Nd7 10. Bd2 Nc5 11. b3 Bxc3 12. Bxc3 Nxe4 13. Bb2 Be6 14. Qc1 f5 15.
Bf3 Nf6 16. Re1 Bf7 17. Qh6 Qc7 18. Bxc6 bxc6 19. Nd4 e5 20. Nxf5 gxf5 21. Qxf6
Bg6 22. Qe6+ Rf7 23. Rad1 Rd8 24. c5 d5 25. Rxe5 Qd7 26. f4 Qxe6 27. Rxe6 Rc7
28. Be5 Rcc8 29. Re7 a6 30. Rd4 Re8 31. Rd7 Rcd8 32. Rc7 Rc8 33. Rb7 1-0

[Event "Chigorin Memorial"]
[Site "St Petersburg RUS"]
[Date "2012.10.28"]
[Round "2.32"]
[White "Monin, Nikolay"]
[Black "Brodsky, Michail"]
[Result "1/2-1/2"]
[WhiteTitle "IM"]
[BlackTitle "GM"]
[WhiteElo "2325"]
[BlackElo "2563"]
[WhiteFideId "4104013"]
[BlackFideId "14100932"]
[EventDate "2012.10.27"]

1. d4 Nf6 2. Nf3 e6 3. e3 b6 4. Bd3 Bb7 5. O-O c5 6. Nbd2 cxd4 7. exd4 Be7 8.
Re1 O-O 9. Ne4 d6 10. c3 Nbd7 11. a4 a6 12. Qe2 Re8 13. Nfg5 Nxe4 14. Nxe4 Nf6
15. Bg5 Nd5 16. Bxe7 Qxe7 17. Qd2 a5 18. Qg5 Qxg5 19. Nxg5 Nf6 20. Ne4 Nxe4 21.
Bxe4 Bxe4 22. Rxe4 d5 23. Re2 Rab8 24. f4 Kf8 25. Kf2 b5 26. axb5 Rxb5 27. Kf3
Reb8 28. Ra2 h5 29. h3 g6 30. g4 hxg4+ 31. hxg4 Ke7 32. Rh2 R8b6 33. g5 Rb8 34.
Ke3 R8b7 35. Kd3 Rb3 36. Rxa5 Rxb2 37. Rxb2 Rxb2 38. Ra7+ Ke8 39. Ra8+ Ke7 40.
Ra7+ Ke8 41. Ra8+ Ke7 1/2-1/2

[Event "Chigorin Memorial"]
[Site "St Petersburg RUS"]
[Date "2012.10.28"]
[Round "2.33"]
[White "Lintchevski, Daniil"]
[Black "Mikhailov, Viacheslav"]
[Result "1/2-1/2"]
[WhiteTitle "GM"]
[BlackTitle "FM"]
[WhiteElo "2562"]
[BlackElo "2326"]
[WhiteFideId "4171055"]
[BlackFideId "4187369"]
[EventDate "2012.10.27"]

1. Nf3 c5 2. c4 g6 3. d4 cxd4 4. Nxd4 Bg7 5. e4 Nc6 6. Be3 Nf6 7. Nc3 O-O 8. Be2
d6 9. O-O a6 10. f3 Nxd4 11. Bxd4 Be6 12. Qd2 Rc8 13. Nd5 Bxd5 14. exd5 Nh5 15.
Be3 Re8 16. Rae1 e5 17. dxe6 Rxe6 18. b3 Qf6 19. f4 Rce8 20. Bxh5 Qc3 21. Bf3
Rxe3 22. Rd1 b6 23. Qxd6 Re1 24. Qd2 Rxd1 25. Rxd1 Qf6 26. Qd7 Rf8 27. Qd6 Re8
28. Qxf6 Bxf6 29. Kf1 Be7 30. Bc6 Rd8 31. Bd5 Kg7 32. Re1 Bc5 33. g3 a5 34. Kg2
Rd7 35. Rd1 Re7 36. Bf3 Re3 37. Rd7 Re7 38. Rd8 Re1 39. Rd7 Re7 40. Rd2 Re1 41.
Bc6 Re3 42. Bd5 Re1 43. Bc6 Re3 44. Kf1 Bb4 45. Rd7 Re7 46. f5 Rxd7 47. Bxd7 Kf6
48. fxg6 fxg6 49. Ke2 Bd6 50. Kf3 h6 51. Ke4 Bc5 52. Kd5 h5 53. Be8 h4 54. gxh4
Kg7 55. Bd7 Kh6 56. Bg4 g5 57. h5 Kg7 58. Kc6 Be3 59. a3 Kh8 60. Kb5 Kg7 61. b4
axb4 62. axb4 Bf2 63. h3 Kh8 64. Bd1 Kg7 65. Kc6 Kh6 66. Be2 Be3 67. c5 bxc5 68.
bxc5 Kg7 69. Bd1 Kh8 70. Kd5 Bxc5 71. Kxc5 Kg7 72. Kd6 Kh8 73. Ke7 Kg7 74. Bc2
Kh8 75. Ke6 Kg7 76. Kf5 Kh8 77. Kg6 Kg8 78. Bf5 Kh8 79. Kf7 g4 80. hxg4 1/2-1/2

[Event "Chigorin Memorial"]
[Site "St Petersburg RUS"]
[Date "2012.10.28"]
[Round "2.34"]
[White "Leontiev, Aleksandr V."]
[Black "Malakhatko, Vadim"]
[Result "0-1"]
[WhiteTitle "IM"]
[BlackTitle "GM"]
[WhiteElo "2321"]
[BlackElo "2558"]
[WhiteFideId "4122968"]
[BlackFideId "14104202"]
[EventDate "2012.10.27"]

1. c4 Nf6 2. Nc3 e6 3. e4 c5 4. e5 Ng8 5. d4 cxd4 6. Qxd4 Nc6 7. Qe4 d6 8. Nf3
dxe5 9. Nxe5 Bd7 10. Bf4 Nf6 11. Qf3 Nxe5 12. Bxe5 Bc6 13. Qg3 h5 14. h4 Ng4 15.
Bc7 Qf6 16. Rd1 Bc5 17. Rd2 Rc8 18. f3 e5 19. fxg4 Rxc7 20. g5 Qe6 21. Bd3 g6
22. Nd5 Bxd5 23. cxd5 Qd6 24. Bb5+ Kf8 25. a3 Bb6 26. Rf1 Kg7 27. Rf6 Rc1+ 28.
Ke2 Qc5 29. Bd3 e4 30. Bxe4 Re8 31. Qf4 Qc4+ 0-1

[Event "Chigorin Memorial"]
[Site "St Petersburg RUS"]
[Date "2012.10.28"]
[Round "2.35"]
[White "Onischuk, Vladimir"]
[Black "Buchenau, Frank"]
[Result "1-0"]
[WhiteTitle "GM"]
[BlackTitle "FM"]
[WhiteElo "2558"]
[BlackElo "2324"]
[WhiteFideId "14114038"]
[BlackFideId "4604350"]
[EventDate "2012.10.27"]

1. Nf3 Nf6 2. g3 b6 3. Bg2 Bb7 4. O-O e6 5. d3 d5 6. b3 c5 7. Bb2 Be7 8. Nbd2
O-O 9. Re1 Nc6 10. e4 d4 11. h3 e5 12. Nh2 g6 13. Ng4 Nxg4 14. hxg4 Qc7 15. Rf1
g5 16. c3 Ba6 17. cxd4 cxd4 18. Qe2 Nb4 19. Nc4 b5 20. Nd2 Qc2 21. Ba3 Rfe8 22.
Rfc1 Qxd3 23. Qd1 Rad8 24. Bb2 1-0

[Event "Chigorin Memorial"]
[Site "St Petersburg RUS"]
[Date "2012.10.28"]
[Round "2.36"]
[White "Jumabayev, Rinat"]
[Black "Bazeev, German"]
[Result "1-0"]
[WhiteTitle "GM"]
[WhiteElo "2545"]
[BlackElo "2319"]
[WhiteFideId "13702661"]
[BlackFideId "24119350"]
[EventDate "2012.10.27"]

1. c4 Nf6 2. Nc3 d5 3. cxd5 Nxd5 4. Nf3 g6 5. Qb3 Nb6 6. d4 Bg7 7. Bf4 O-O 8. e3
Be6 9. Qa3 N8d7 10. Rc1 c6 11. Bg5 Re8 12. Ne4 h6 13. Bh4 g5 14. Bg3 Bd5 15. Nc5
Bxf3 16. gxf3 e5 17. dxe5 Nxc5 18. Qxc5 Nd7 19. Qb4 Nxe5 20. Bxe5 Rxe5 21. Bc4
b5 22. Be2 a5 23. Qb3 a4 24. Qc2 Rd5 25. h4 Qa5+ 26. Kf1 Rad8 27. Qxc6 Rd2 28.
Rc2 Rxc2 29. Qxc2 Qd2 30. Qxd2 Rxd2 31. hxg5 Rxb2 32. gxh6 Rxa2 33. Rh5 Rb2 34.
Bxb5 a3 35. Bc4 Rb4 36. h7+ Kh8 37. Bxf7 Rb7 38. Bg8 Ra7 39. Ba2 Bb2 40. f4 Rc7
41. Kg2 1-0

[Event "Chigorin Memorial"]
[Site "St Petersburg RUS"]
[Date "2012.10.28"]
[Round "2.39"]
[White "Gubernatorov, Sergey"]
[Black "Vocaturo, Daniele"]
[Result "1/2-1/2"]
[WhiteTitle "FM"]
[BlackTitle "GM"]
[WhiteElo "2311"]
[BlackElo "2534"]
[WhiteFideId "4148215"]
[BlackFideId "813192"]
[EventDate "2012.10.27"]

1. c4 Nf6 2. Nc3 g6 3. e4 d6 4. d4 Bg7 5. Nf3 O-O 6. Be2 c5 7. O-O Nc6 8. d5 Na5
9. e5 dxe5 10. Nxe5 Nxd5 11. Qxd5 Qxd5 12. Nxd5 Bxe5 13. Nxe7+ Kg7 14. Bd2 Nc6
15. Nxc6 bxc6 16. Bf3 Be6 17. Bxc6 Rab8 18. Bb5 a6 19. Bxa6 Rxb2 20. Be3 Ra8 21.
Bb5 Raxa2 22. Rxa2 Rxa2 23. Bxc5 Rc2 24. Be3 Bxc4 25. Bxc4 Rxc4 26. Rc1 Rxc1+
27. Bxc1 h5 28. h3 Kf6 29. f3 Bg3 30. Kf1 Kf5 31. Ke2 g5 32. Bd2 g4 33. fxg4+
hxg4 34. hxg4+ Kxg4 35. Bc3 f5 36. Bd2 f4 37. Bc3 Bh4 38. Bd2 Kg3 39. Be1+ Kxg2
40. Bxh4 f3+ 1/2-1/2

[Event "Chigorin Memorial"]
[Site "St Petersburg RUS"]
[Date "2012.10.28"]
[Round "2.40"]
[White "Alsina Leal, Daniel"]
[Black "Gerasimov, Ivan"]
[Result "1-0"]
[WhiteTitle "GM"]
[BlackTitle "FM"]
[WhiteElo "2528"]
[BlackElo "2308"]
[WhiteFideId "2252627"]
[BlackFideId "4196562"]
[EventDate "2012.10.27"]

1. e4 e5 2. Nf3 Nc6 3. Bb5 Nge7 4. O-O g6 5. c3 Bg7 6. d4 exd4 7. cxd4 a6 8. Ba4
b5 9. Bb3 O-O 10. Nc3 d6 11. h3 Na5 12. Bc2 c5 13. Bg5 h6 14. Bh4 g5 15. Bg3 Nc4
16. b3 Na3 17. Bd3 b4 18. Ne2 Nb5 19. Rc1 cxd4 20. Bxb5 axb5 21. Nexd4 Rxa2 22.
Qe1 Bb7 23. Qxb4 Bxe4 24. Bxd6 Nd5 25. Qc5 Re8 26. Rfe1 Ra6 27. Bg3 Nf4 28. Bxf4
gxf4 29. Qxb5 Rg6 30. Nf5 Ree6 31. N5h4 Rgf6 32. Rcd1 Qa8 33. Qa4 Qxa4 34. bxa4
Bc2 35. Rd8+ Kh7 36. a5 Ra6 37. Rd5 Rfe6 38. Rc1 Be4 39. Rh5 Rec6 40. Re1 Bc2
41. Re7 Rf6 42. Re8 Bh8 43. Ng5+ Kg7 44. Ne4 Bxe4 45. Rxe4 Kh7 46. Ra4 Bg7 47.
Nf3 Bf8 48. Rb5 Kg7 49. h4 Rfc6 50. Nd4 Rc5 51. Rxc5 Bxc5 52. Nb3 Bd6 53. Rd4
Kg6 54. Rd5 Bc7 55. h5+ Kf6 56. Rc5 Bd6 57. Rb5 Bc7 58. Kf1 f3 59. gxf3 Ke7 60.
Ke2 Re6+ 61. Kd3 Rf6 62. Nd4 Kd7 63. Kc4 Ra6 64. Nb3 Rf6 65. Nd4 Ra6 66. Rd5+
Kc8 67. Kb4 Kb7 68. Rf5 Bd6+ 69. Kb5 Bc7 70. Nb3 Rd6 71. Nc5+ Kc8 72. Rxf7 Bd8
73. a6 Rb6+ 74. Kc4 Rb2 75. a7 Ra2 76. f4 1-0